<?xml version="1.0" encoding="UTF-8"?>
<record
    xmlns:xsi="http://www.w3.org/2001/XMLSchema-instance"
    xsi:schemaLocation="http://www.loc.gov/MARC21/slim http://www.loc.gov/standards/marcxml/schema/MARC21slim.xsd"
    xmlns="http://www.loc.gov/MARC21/slim">

  <leader>00743nam a2200265 a 4500</leader>
  <controlfield tag="001">80100</controlfield>
  <controlfield tag="003">BD-RjUL</controlfield>
  <controlfield tag="005">20220720140254.0</controlfield>
  <controlfield tag="008">220720s2021ii  |||||||| |||| 00| 0 eng d</controlfield>
  <datafield tag="020" ind1=" " ind2=" ">
    <subfield code="a">9789354247170</subfield>
  </datafield>
  <datafield tag="020" ind1=" " ind2=" ">
    <subfield code="a">9789354248955</subfield>
  </datafield>
  <datafield tag="035" ind1=" " ind2=" ">
    <subfield code="a">(BD-RjUL)80100</subfield>
  </datafield>
  <datafield tag="040" ind1=" " ind2=" ">
    <subfield code="a">BD-RjUL</subfield>
    <subfield code="b">eng</subfield>
    <subfield code="c">BD-RjUL</subfield>
  </datafield>
  <datafield tag="041" ind1=" " ind2=" ">
    <subfield code="a">eng</subfield>
  </datafield>
  <datafield tag="082" ind1=" " ind2=" ">
    <subfield code="2">23</subfield>
    <subfield code="a">337</subfield>
    <subfield code="b">SAI 2021</subfield>
  </datafield>
  <datafield tag="100" ind1=" " ind2=" ">
    <subfield code="a">Salvatore, Dominick </subfield>
    <subfield code="9">4043</subfield>
  </datafield>
  <datafield tag="245" ind1=" " ind2=" ">
    <subfield code="a">International economics /</subfield>
    <subfield code="c">Dominick Salvatore</subfield>
  </datafield>
  <datafield tag="250" ind1=" " ind2=" ">
    <subfield code="a">13th edition</subfield>
  </datafield>
  <datafield tag="260" ind1=" " ind2=" ">
    <subfield code="a">New Delhi :</subfield>
    <subfield code="b">Wiley India Pvt. Ltd.,</subfield>
    <subfield code="c">2021</subfield>
  </datafield>
  <datafield tag="300" ind1=" " ind2=" ">
    <subfield code="a">660 p. :</subfield>
    <subfield code="b">ill.;</subfield>
    <subfield code="c">26 cm.</subfield>
  </datafield>
  <datafield tag="500" ind1=" " ind2=" ">
    <subfield code="a">Includes index.</subfield>
  </datafield>
  <datafield tag="650" ind1=" " ind2=" ">
    <subfield code="a">International economic relations</subfield>
    <subfield code="9">4044</subfield>
  </datafield>
  <datafield tag="650" ind1=" " ind2=" ">
    <subfield code="a">International trade</subfield>
    <subfield code="9">4045</subfield>
  </datafield>
  <datafield tag="942" ind1=" " ind2=" ">
    <subfield code="2">ddc</subfield>
    <subfield code="c">BK</subfield>
  </datafield>
  <datafield tag="999" ind1=" " ind2=" ">
    <subfield code="c">80100</subfield>
    <subfield code="d">80100</subfield>
  </datafield>
  <datafield tag="952" ind1=" " ind2=" ">
    <subfield code="0">0</subfield>
    <subfield code="1">0</subfield>
    <subfield code="2">ddc</subfield>
    <subfield code="4">0</subfield>
    <subfield code="7">1</subfield>
    <subfield code="8">NFIC</subfield>
    <subfield code="a">RUCL</subfield>
    <subfield code="b">RUCL</subfield>
    <subfield code="c">Reading</subfield>
    <subfield code="d">2022-04-25</subfield>
    <subfield code="e">Dhaka : Paragon Enter.</subfield>
    <subfield code="g">1331.00</subfield>
    <subfield code="l">0</subfield>
    <subfield code="o">337 SAI 2021</subfield>
    <subfield code="r">2022-07-20 00:00:00</subfield>
    <subfield code="t">C-1</subfield>
    <subfield code="w">2022-07-20</subfield>
    <subfield code="y">BK</subfield>
  </datafield>
  <datafield tag="952" ind1=" " ind2=" ">
    <subfield code="0">0</subfield>
    <subfield code="1">0</subfield>
    <subfield code="2">ddc</subfield>
    <subfield code="4">0</subfield>
    <subfield code="7">0</subfield>
    <subfield code="8">NFIC</subfield>
    <subfield code="a">RUCL</subfield>
    <subfield code="b">RUCL</subfield>
    <subfield code="c">GEN</subfield>
    <subfield code="d">2022-04-25</subfield>
    <subfield code="e">Dhaka : Paragon Enter.</subfield>
    <subfield code="g">1331.00</subfield>
    <subfield code="l">3</subfield>
    <subfield code="o">337 SAI 2021</subfield>
    <subfield code="r">2025-11-24 00:00:00</subfield>
    <subfield code="s">2025-11-06</subfield>
    <subfield code="t">C-2</subfield>
    <subfield code="w">2022-07-20</subfield>
    <subfield code="y">BK</subfield>
  </datafield>
  <datafield tag="952" ind1=" " ind2=" ">
    <subfield code="0">0</subfield>
    <subfield code="1">0</subfield>
    <subfield code="2">ddc</subfield>
    <subfield code="4">0</subfield>
    <subfield code="7">0</subfield>
    <subfield code="8">NFIC</subfield>
    <subfield code="a">RUCL</subfield>
    <subfield code="b">RUCL</subfield>
    <subfield code="c">GEN</subfield>
    <subfield code="d">2022-04-25</subfield>
    <subfield code="e">Dhaka : Paragon Enter.</subfield>
    <subfield code="g">1331.00</subfield>
    <subfield code="l">0</subfield>
    <subfield code="o">337 SAI 2021</subfield>
    <subfield code="r">2022-07-20 00:00:00</subfield>
    <subfield code="t">C-3</subfield>
    <subfield code="w">2022-07-20</subfield>
    <subfield code="y">BK</subfield>
  </datafield>
  <datafield tag="952" ind1=" " ind2=" ">
    <subfield code="0">0</subfield>
    <subfield code="1">0</subfield>
    <subfield code="2">ddc</subfield>
    <subfield code="4">0</subfield>
    <subfield code="7">0</subfield>
    <subfield code="8">NFIC</subfield>
    <subfield code="a">RUCL</subfield>
    <subfield code="b">RUCL</subfield>
    <subfield code="c">GEN</subfield>
    <subfield code="d">2022-04-25</subfield>
    <subfield code="e">Dhaka : Paragon Enter.</subfield>
    <subfield code="g">1331.00</subfield>
    <subfield code="l">0</subfield>
    <subfield code="o">337 SAI 2021</subfield>
    <subfield code="r">2022-07-20 00:00:00</subfield>
    <subfield code="t">C-4</subfield>
    <subfield code="w">2022-07-20</subfield>
    <subfield code="y">BK</subfield>
  </datafield>
  <datafield tag="952" ind1=" " ind2=" ">
    <subfield code="0">0</subfield>
    <subfield code="1">0</subfield>
    <subfield code="2">ddc</subfield>
    <subfield code="4">0</subfield>
    <subfield code="7">0</subfield>
    <subfield code="8">NFIC</subfield>
    <subfield code="a">RUCL</subfield>
    <subfield code="b">RUCL</subfield>
    <subfield code="c">GEN</subfield>
    <subfield code="d">2022-04-25</subfield>
    <subfield code="e">Dhaka : Paragon Enter.</subfield>
    <subfield code="g">1331.00</subfield>
    <subfield code="l">0</subfield>
    <subfield code="o">337 SAI 2021</subfield>
    <subfield code="r">2022-07-20 00:00:00</subfield>
    <subfield code="t">C-5</subfield>
    <subfield code="w">2022-07-20</subfield>
    <subfield code="y">BK</subfield>
  </datafield>
</record>
